000 00453nam a22001817a 4500
003 MPLRDC
005 20220104123700.0
008 210129b ||||| |||| 00| 0 eng d
020 _a962-447-320-X
082 _a411.3 DIAM
100 _aMARILYN DIAMOND
245 _a新一代健康饮食
_cC.Y.译
260 _a
_b勤加缘出版社
_c1993
300 _b
490 _a实用系列. 59
650 _a营养与食品
942 _cBK
_o411.3 DIAM
999 _c13355
_d13345